000 00699nam a2200205 i 4500
001 67797
003 ES-MaACL
005 20230906170141.0
007 t|
008 040205s1902 ag a |||| | spa d
080 _a576.35
100 1 _aGallardo, Angel.
_953477
245 1 0 _aInterpretación dinámica de la división celular /
_cpor Ángel Gallardo.
260 _aBuenos Aires :
_bConi Hermanos,
_c1902.
300 _a102 p. :
_bil. ;
_c26 cm.
594 _aPrecede al tít.: Facultad de Ciencias Exactas, Físicas y Naturales de la Universidad Nacional de Buenos Aires.
650 4 _aDivisión celular.
_9162614
710 2 _aUniversidad de Buenos Aires.
_97155
852 _aES-MaACL
_jG-5281
999 _c67797
_d67797